[Event "10th American Continental"]
[Site "Montevideo URU"]
[Date "2015.05.18"]
[Round "5.25"]
[White "Sanhueza, Cristian"]
[Black "Martinez Romero, Martin"]
[Result "1-0"]
[BlackTitle "IM"]
[WhiteElo "2195"]
[BlackElo "2404"]
[WhiteFideId "116815"]
[BlackFideId "4404025"]
[EventDate "2015.05.15"]
[EventType "swiss"]

1. d4 Nf6 2. c4 e6 3. Nf3 Bb4+ 4. Nbd2 d5 5. a3 Be7 6. g3 O-O 7. Bg2 Nbd7 8. O-O
a5 9. b3 c6 10. Bb2 b5 11. c5 Re8 12. b4 a4 13. Ne5 Qc7 14. f4 Bb7 15. e3 Rad8
16. g4 Rf8 17. h4 Bc8 18. h5 Nxe5 19. dxe5 Nd7 20. g5 Rfe8 21. Qg4 Nxc5 22. bxc5
Bxc5 23. Bd4 Bf8 24. Rfc1 c5 25. Nf3 Qb6 26. Bb2 Bd7 27. g6 fxg6 28. hxg6 h6 29.
Ng5 Rc8 30. Bxd5 exd5 31. Qxd7 Rcd8 32. Qf7+ Kh8 33. e6 d4 34. exd4 cxd4 35. Kg2
Qd6 36. Qf5 Kg8 37. Qf7+ Kh8 38. Qf5 Kg8 39. Nf7 Qd5+ 40. Qxd5 Rxd5 41. Re1 Be7
42. Re5 Rxe5 43. Nxe5 Bf6 44. Rc1 Kf8 45. Bxd4 1-0

[Event "10th American Continental"]
[Site "Montevideo URU"]
[Date "2015.05.18"]
[Round "5.26"]
[White "Lujan, Carolina"]
[Black "Contreras, Henry"]
[Result "1-0"]
[WhiteTitle "IM"]
[BlackTitle "FM"]
[WhiteElo "2353"]
[BlackElo "2193"]
[WhiteFideId "109878"]
[BlackFideId "4400623"]
[EventDate "2015.05.15"]
[EventType "swiss"]

1. e4 d6 2. d4 g6 3. Nc3 Nf6 4. Be3 Bg7 5. h3 a6 6. Nf3 O-O 7. Bd3 b5 8. Ne2 Bb7
9. Ng3 Nbd7 10. O-O c5 11. c3 e5 12. d5 c4 13. Bc2 h6 14. Qd2 Kh7 15. Nh2 Ng8
16. Ng4 h5 17. Nh2 Bh6 18. Nf3 Kg7 19. Ng5 Bxg5 20. Bxg5 f6 21. Be3 h4 22. Ne2
g5 23. g3 Ne7 24. f4 hxg3 25. fxg5 Rh8 26. Nxg3 f5 27. Nxf5+ Nxf5 28. exf5 Rxh3
29. f6+ Kg8 30. Bf5 Rh8 31. Be6+ Kf8 32. g6 Nxf6 33. Bg5 Qb6+ 34. Qf2 1-0

[Event "10th American Continental"]
[Site "Montevideo URU"]
[Date "2015.05.18"]
[Round "5.27"]
[White "Larrea, Manuel"]
[Black "Starke, Bruno Orlando"]
[Result "1/2-1/2"]
[WhiteTitle "FM"]
[WhiteElo "2327"]
[BlackElo "2133"]
[WhiteFideId "3000508"]
[BlackFideId "2128713"]
[EventDate "2015.05.15"]
[EventType "swiss"]

1. e4 c5 2. Nf3 e6 3. c3 Nf6 4. e5 Nd5 5. d4 cxd4 6. cxd4 d6 7. Bc4 Nb6 8. Bb3
Nc6 9. exd6 Qxd6 10. O-O Be7 11. Nc3 O-O 12. Re1 Rd8 13. Nb5 Qd7 14. Bf4 Na5 15.
Nc7 Nxb3 16. Qxb3 Nd5 17. Nxd5 Qxd5 18. Qxd5 Rxd5 19. Rac1 Bd8 20. Re5 Rxe5 21.
Nxe5 f6 22. Nd3 Kf7 23. Nc5 b6 24. Ne4 Ke7 25. Bd6+ Kd7 26. Bf8 Bb7 27. f3 g6
28. Bg7 Bxe4 29. fxe4 Rc8 30. Rxc8 Kxc8 31. Kf2 Kd7 32. Kf3 Ke8 33. Bh6 Bc7 34.
h4 Ke7 35. g4 Bh2 36. Be3 Kd7 37. g5 fxg5 38. Bxg5 Bg1 39. Bf6 Ke8 40. Be5 Ke7
41. a4 a6 42. b4 b5 43. a5 Kf7 44. d5 exd5 45. exd5 Ke7 46. Ke2 Kd7 47. Kf3 Ke7
48. Ke2 Ba7 49. Kf3 Kd7 50. Ke2 Bg1 51. Kf3 Ba7 52. Ke2 1/2-1/2

[Event "10th American Continental"]
[Site "Montevideo URU"]
[Date "2015.05.18"]
[Round "5.28"]
[White "Pereira, Silvio Cunha"]
[Black "Granara Barreto, Sebastian"]
[Result "1-0"]
[WhiteTitle "FM"]
[BlackTitle "FM"]
[WhiteElo "2284"]
[BlackElo "2147"]
[WhiteFideId "2100703"]
[BlackFideId "3000494"]
[EventDate "2015.05.15"]
[EventType "swiss"]

1. e4 c5 2. Nf3 d6 3. d4 cxd4 4. Qxd4 Nc6 5. Bb5 Bd7 6. Bxc6 Bxc6 7. c4 Nf6 8.
Nc3 g6 9. O-O Bg7 10. Re1 O-O 11. Qd2 a5 12. Nd4 a4 13. Nc2 Nd7 14. Rb1 Qa5 15.
Nd5 Bxd5 16. Qxa5 Rxa5 17. exd5 Bf6 18. Bd2 Rc5 19. Na3 Ne5 20. Be3 Rcc8 21. b3
axb3 22. axb3 Ng4 23. Bb6 Ra8 24. Nb5 Ra2 25. Bd4 Kg7 26. Rxe7 Bxd4 27. Nxd4
Rxf2 28. h3 Ra8 29. Ne2 1-0

[Event "10th American Continental"]
[Site "Montevideo URU"]
[Date "2015.05.18"]
[Round "5.29"]
[White "Daneri, Martin"]
[Black "Van Riemsdijk, Herman C."]
[Result "0-1"]
[WhiteTitle "CM"]
[BlackTitle "IM"]
[WhiteElo "2109"]
[BlackElo "2352"]
[WhiteFideId "104981"]
[BlackFideId "2100053"]
[EventDate "2015.05.15"]
[EventType "swiss"]

1. e4 c5 2. Nc3 Nc6 3. Bb5 Nd4 4. Bc4 a6 5. d3 e6 6. Nf3 b5 7. Bb3 Nxb3 8. axb3
Bb7 9. O-O d6 10. Qe2 Be7 11. Bd2 Nf6 12. Ng5 h6 13. Nh3 b4 14. Nd1 d5 15. exd5
Nxd5 16. f4 O-O 17. f5 exf5 18. Rxf5 Bf6 19. Nf4 Nxf4 20. Rxf4 Re8 21. Qf1 Re6
22. Rg4 Qe7 23. Nf2 h5 24. Rf4 Bg5 25. Nh3 Bxf4 26. Nxf4 Re5 27. Qf2 a5 28. Rf1
Ra6 29. h4 Rf6 30. Qg3 Rff5 31. Rf2 Kh7 32. Kh2 g6 33. Kg1 Qf6 34. Kh2 Re8 35.
Kg1 Bc6 36. Kh2 Qxb2 37. Nh3 Rxf2 38. Qxf2 Qe5+ 39. Bf4 Qf5 40. d4 cxd4 41. Qxd4
Qxc2 42. Bd2 Qf5 43. Bf4 Kg8 44. Kg1 Qg4 0-1

[Event "10th American Continental"]
[Site "Montevideo URU"]
[Date "2015.05.18"]
[Round "5.30"]
[White "Disconzi da Silva, Rodrigo"]
[Black "Caceres Vasquez, Sergio"]
[Result "1-0"]
[WhiteTitle "IM"]
[BlackTitle "FM"]
[WhiteElo "2339"]
[BlackElo "2087"]
[WhiteFideId "2100991"]
[BlackFideId "3402169"]
[EventDate "2015.05.15"]
[EventType "swiss"]

1. c4 c5 2. Nc3 Nc6 3. g3 e5 4. Bg2 Nf6 5. d3 d6 6. a3 Be7 7. e3 O-O 8. Nge2 Bg4
9. h3 Bd7 10. O-O Qc8 11. Kh2 Rb8 12. Nd5 b5 13. Nec3 a6 14. b4 Re8 15. cxb5
axb5 16. Bb2 Nxd5 17. Nxd5 Bf8 18. Rc1 Qd8 19. f4 exf4 20. Rxf4 Ne5 21. Qh5 Be6
22. bxc5 Ng6 23. Be4 dxc5 24. Rcf1 f5 25. Rxf5 Bxf5 26. Qxf5 Qd6 27. Qf7+ Kh8
28. Nf6 Qe6 29. Nxe8 Qxe8 30. Qc7 Qd8 31. Rxf8+ Qxf8 32. Bxg7+ Qxg7 33. Qxb8+
Nf8 34. Qxb5 Qc3 35. Qe8 Qc2+ 36. Bg2 Kg7 37. Qe5+ Kg8 38. Qd5+ Kg7 39. Qc4 1-0

[Event "10th American Continental"]
[Site "Montevideo URU"]
[Date "2015.05.18"]
[Round "5.31"]
[White "Arias Bouzada, Jorge URU"]
[Black "Valenzuela Gomez, Fernando"]
[Result "0-1"]
[WhiteTitle "CM"]
[WhiteElo "2070"]
[BlackElo "2282"]
[WhiteFideId "3000389"]
[BlackFideId "3409392"]
[EventDate "2015.05.15"]
[EventType "swiss"]

1. c4 Nf6 2. Nc3 g6 3. Nf3 Bg7 4. e4 d6 5. d4 O-O 6. Be2 Na6 7. O-O e5 8. d5 Nc5
9. Qc2 a5 10. Ne1 Bd7 11. f3 Nh5 12. Be3 Bf6 13. Nd3 b6 14. b3 Bg5 15. Bf2 f5
16. a3 f4 17. b4 Nxd3 18. Bxd3 Bh4 19. c5 Bg3 20. hxg3 fxg3 21. Rfc1 Qh4 22.
Bxg3 Nxg3 23. Ne2 axb4 24. Nxg3 Qxg3 25. axb4 Rxa1 26. Rxa1 Rxf3 27. c6 Rf4 28.
Qc1 Qf2+ 0-1

[Event "10th American Continental"]
[Site "Montevideo URU"]
[Date "2015.05.18"]
[Round "5.32"]
[White "Sabas, Jorge"]
[Black "Cardoso Pimenta, Ciro Jose"]
[Result "1-0"]
[WhiteTitle "FM"]
[WhiteElo "2254"]
[BlackElo "2066"]
[WhiteFideId "101877"]
[BlackFideId "2118599"]
[EventDate "2015.05.15"]
[EventType "swiss"]

1. d4 d5 2. c4 c6 3. Nf3 Nf6 4. e3 a6 5. c5 b6 6. cxb6 Qxb6 7. Nc3 e6 8. Bd3
Nbd7 9. O-O c5 10. b3 Bd6 11. Na4 Qb8 12. dxc5 Nxc5 13. Nxc5 Bxc5 14. Bb2 Be7
15. Rc1 O-O 16. Ne5 Bb7 17. Bb1 Qd6 18. Qd3 a5 19. Rfd1 Qa6 20. Qd4 Rfc8 21. g4
h6 22. h4 Ne8 23. g5 hxg5 24. hxg5 Bxg5 25. Qg4 Bf6 26. Bh7+ Kf8 27. Ba3+ Nd6
28. Bd3 Bxe5 29. Bxa6 Rxa6 30. Rxc8+ Bxc8 31. Qh4 1-0

[Event "10th American Continental"]
[Site "Montevideo URU"]
[Date "2015.05.18"]
[Round "5.33"]
[White "Kimelman, Gabriel"]
[Black "Curi, Gabriel"]
[Result "1-0"]
[WhiteTitle "CM"]
[BlackTitle "FM"]
[WhiteElo "2067"]
[BlackElo "2253"]
[WhiteFideId "3003035"]
[BlackFideId "3000400"]
[EventDate "2015.05.15"]
[EventType "swiss"]

1. c4 Nc6 2. Nc3 e5 3. g3 f5 4. Bg2 Nf6 5. d3 Bb4 6. e3 Bxc3+ 7. bxc3 O-O 8. c5
e4 9. d4 b6 10. Ba3 Rf7 11. Qa4 b5 12. Qxb5 Rb8 13. Qa4 Nd5 14. Ne2 a5 15. Qc4
Nce7 16. O-O Rf6 17. Qa4 Ba6 18. c4 Nb4 19. Bxb4 Rxb4 20. Qxa5 Rxc4 21. Rfb1 Nd5
22. c6 Nb4 23. Bf1 Rc2 24. Qxb4 Rxe2 25. Bxe2 Bxe2 26. Qb8 Rf8 27. Qxd8 Rxd8 28.
cxd7 Rxd7 29. Rb7 Kf7 30. Rc1 1-0

[Event "10th American Continental"]
[Site "Montevideo URU"]
[Date "2015.05.18"]
[Round "5.34"]
[White "Carbone, Diego"]
[Black "Pardo, Alejandro"]
[Result "1-0"]
[WhiteTitle "CM"]
[WhiteElo "2052"]
[BlackElo "2247"]
[WhiteFideId "3002179"]
[BlackFideId "4402880"]
[EventDate "2015.05.15"]
[EventType "swiss"]

1. d4 Nf6 2. c4 c5 3. d5 e5 4. Nc3 d6 5. g3 Be7 6. Bg2 Nbd7 7. Nf3 h6 8. O-O Nf8
9. Ne1 Ng6 10. Nd3 O-O 11. e4 a6 12. a4 Bd7 13. Qe1 Nh7 14. Be3 Qc7 15. a5 Rae8
16. Qb1 Bg5 17. f4 exf4 18. gxf4 Bf6 19. e5 Be7 20. e6 fxe6 21. Nxc5 dxc5 22.
Qxg6 Rf6 23. Qd3 Rff8 24. d6 Bxd6 25. Rad1 Bxf4 26. Bxf4 Rxf4 27. Qxd7 Rxf1+ 28.
Bxf1 Qb8 29. Ne4 Rf8 30. Rd6 Kh8 31. Bg2 Re8 32. h3 Rf8 33. Rxe6 Rd8 34. Qe7
Rd1+ 35. Kf2 Qf4+ 36. Ke2 Rb1 37. Qd8+ Nf8 38. Re8 Rxb2+ 39. Nd2 Qxc4+ 40. Kf3
Qc3+ 41. Re3 Qf6+ 42. Qxf6 gxf6 43. Nc4 Rb4 44. Bf1 Ng6 45. Re6 Kg7 46. Nd6 Ne5+
47. Ke3 Nc6 48. Nxb7 Rb3+ 49. Ke4 f5+ 50. Kd5 Nd4 51. Rb6 Ra3 52. Nxc5 Nc2 53.
Bd3 Ne1 54. Bxf5 Rxa5 55. Rg6+ Kf7 56. Rxh6 Nf3 57. Bg4 Nd2 58. Rb6 Ne4 59. Be6+
Kf6 60. Bc8+ Kg5 61. Kxe4 Rxc5 62. Bxa6 Rc3 63. Bf1 Rc1 64. Be2 Rc3 65. Rb5+ Kg6
66. Bg4 Rc4+ 67. Kf3 Rc3+ 68. Kf4 Rc4+ 69. Kg3 Rc3+ 70. Kh4 Rc6 71. Rb4 Ra6 72.
Kg3 Ra3+ 73. Kf4 Ra6 74. h4 Kh6 75. Re4 Rc6 76. Bf3 Rf6+ 77. Kg4 Rb6 78. Rf4
Rg6+ 79. Kf5 Rg8 80. Ke6 Rg6+ 81. Kf7 Rg7+ 82. Kf8 Rc7 83. Rf6+ 1-0

[Event "10th American Continental"]
[Site "Montevideo URU"]
[Date "2015.05.18"]
[Round "5.35"]
[White "Teixeira, Ricardo da Silva"]
[Black "Izquierdo, Sebastian"]
[Result "1/2-1/2"]
[WhiteTitle "FM"]
[WhiteElo "2223"]
[BlackElo "2040"]
[WhiteFideId "2100126"]
[BlackFideId "3001610"]
[EventDate "2015.05.15"]
[EventType "swiss"]

1. d4 Nf6 2. Nf3 e6 3. g3 b6 4. Bg2 Bb7 5. O-O Be7 6. c4 O-O 7. Nc3 Ne4 8. Qc2
Nxc3 9. Qxc3 Be4 10. Ne1 Bxg2 11. Nxg2 Bf6 12. e4 c5 13. e5 Be7 14. d5 exd5 15.
cxd5 d6 16. e6 Na6 17. Nf4 Bf6 18. Qc2 Nc7 19. exf7+ Rxf7 20. Be3 Be5 21. Ne6
Qd7 22. Nxc7 Qxc7 23. f4 Bf6 24. Rae1 Qb7 25. Qd2 Re7 26. Bf2 Rae8 27. b3 Kf7 1/2-1/2

[Event "10th American Continental"]
[Site "Montevideo URU"]
[Date "2015.05.18"]
[Round "5.36"]
[White "Fernandez, Maria Florencia"]
[Black "Beckerman, M."]
[Result "1-0"]
[WhiteTitle "WIM"]
[WhiteElo "2200"]
[BlackElo "2025"]
[WhiteFideId "116459"]
[BlackFideId "109070"]
[EventDate "2015.05.15"]
[EventType "swiss"]

1. d4 e6 2. c4 f5 3. Nc3 Nf6 4. Nf3 d5 5. Bf4 c6 6. e3 Be7 7. Bd3 O-O 8. O-O Ne4
9. h3 Bd7 10. Ne5 Kh8 11. f3 Nd6 12. e4 fxe4 13. fxe4 dxe4 14. Bxe4 Nf5 15. g4
Nd6 16. Bc2 Be8 17. Qd3 g6 18. c5 Nb5 19. Nxb5 cxb5 20. Bb3 Nc6 21. Nxc6 Bxc6
22. Be5+ Bf6 23. Rxf6 1-0

[Event "10th American Continental"]
[Site "Montevideo URU"]
[Date "2015.05.18"]
[Round "5.38"]
[White "Ruggiero, Alvaro"]
[Black "Sanchez Sandoval, Gonzalo"]
[Result "0-1"]
[WhiteTitle "CM"]
[WhiteElo "1967"]
[BlackElo "2187"]
[WhiteFideId "3001504"]
[BlackFideId "3414167"]
[EventDate "2015.05.15"]
[EventType "swiss"]

1. e4 c5 2. Nc3 a6 3. f4 e6 4. Nf3 b5 5. g3 Bb7 6. d3 b4 7. Nb1 d5 8. Nbd2 Nf6
9. Qe2 Be7 10. Bg2 O-O 11. O-O Nc6 12. b3 dxe4 13. Nxe4 Nxe4 14. dxe4 Nd4 15.
Nxd4 cxd4 16. Bb2 Bc5 17. Kh1 Qb6 18. f5 exf5 19. Rxf5 Rae8 20. Raf1 Bc8 21. Rh5
f5 22. e5 Be6 23. Rh4 Rf7 24. Rd1 Rd8 25. Qh5 g6 26. Qe2 Rfd7 27. Bc1 Be7 28.
Rh6 Qb5 29. Bf1 Bd5+ 30. Kg1 Qb6 31. Qxa6 Qxa6 32. Bxa6 Ra7 33. Bd3 Rxa2 34. Re1
Kg7 35. h4 Be4 36. Bg5 Rc8 37. Bxe7 Kxh6 38. Bxe4 fxe4 39. g4 d3 40. cxd3 exd3
41. Bxb4 Kg7 42. Rf1 Rcc2 43. Re1 d2 44. Rf1 Rc1 0-1

[Event "10th American Continental"]
[Site "Montevideo URU"]
[Date "2015.05.18"]
[Round "5.39"]
[White "Arcos Facio, Mateo"]
[Black "Pinero, Ismael"]
[Result "1-0"]
[WhiteTitle "FM"]
[BlackTitle "CM"]
[WhiteElo "2184"]
[BlackElo "2013"]
[WhiteFideId "3001199"]
[BlackFideId "3004244"]
[EventDate "2015.05.15"]
[EventType "swiss"]

1. e4 c5 2. Nf3 Nc6 3. d4 cxd4 4. Nxd4 Nf6 5. Nc3 e5 6. Ndb5 d6 7. Bg5 a6 8.
Bxf6 gxf6 9. Na3 b5 10. Nd5 Bg7 11. Bd3 Ne7 12. Nxe7 Qxe7 13. c4 f5 14. O-O O-O
15. Qe2 Re8 16. Rfe1 Rb8 17. cxb5 d5 18. exd5 e4 19. Rab1 Rb6 20. bxa6 Be5 21.
Qe3 Rb4 22. Nc4 exd3 23. a7 Bb7 24. Qxe5 Qxe5 25. Rxe5 Rxe5 26. Nxe5 Rd4 27. Rd1
Rxd5 28. Nxd3 Rd7 29. f3 Bc6 30. Rc1 1-0

[Event "10th American Continental"]
[Site "Montevideo URU"]
[Date "2015.05.18"]
[Round "5.40"]
[White "Dornelles, Marcio Neron Camargo"]
[Black "Madeira, Wagner Martins"]
[Result "0-1"]
[BlackTitle "FM"]
[WhiteElo "1980"]
[BlackElo "2179"]
[WhiteFideId "2146673"]
[BlackFideId "2100797"]
[EventDate "2015.05.15"]
[EventType "swiss"]

1. d4 Nf6 2. c4 g6 3. Nc3 Bg7 4. e4 d6 5. Bd3 O-O 6. Nge2 Nc6 7. O-O e5 8. d5
Ne7 9. Rb1 Nh5 10. Bd2 f5 11. exf5 Nxf5 12. Ne4 Nf6 13. N2g3 Nxe4 14. Nxe4 h6
15. b4 Nd4 16. Ng3 Bf5 17. Be3 Qh4 18. Bxd4 exd4 19. Nxf5 gxf5 20. Qf3 Be5 21.
g3 Qg5 22. Rfe1 Rf7 23. h4 Qf6 24. h5 Raf8 25. Qg2 Rg7 26. Rf1 Qg5 27. Qh3 Bxg3
28. fxg3 Qxg3+ 29. Qxg3 Rxg3+ 30. Kh2 Rxd3 31. Rg1+ Kh7 32. Rg6 Rd2+ 33. Kh3 Re8
34. Re6 Rxe6 35. dxe6 Re2 36. Rf1 Re5 37. c5 dxc5 38. bxc5 Kg7 39. Rg1+ Kf8 0-1

[Event "10th American Continental"]
[Site "Montevideo URU"]
[Date "2015.05.18"]
[Round "5.41"]
[White "Andrade, Roberto Luiz Costa"]
[Black "Moccero, Eduardo"]
[Result "1-0"]
[WhiteTitle "FM"]
[WhiteElo "2177"]
[BlackElo "2004"]
[WhiteFideId "2101521"]
[BlackFideId "103373"]
[EventDate "2015.05.15"]
[EventType "swiss"]

1. e4 d5 2. exd5 Qxd5 3. Nc3 Qa5 4. d4 Nf6 5. Nf3 Bf5 6. Bc4 e6 7. Bd2 c6 8. Qe2
Nbd7 9. d5 cxd5 10. Nxd5 Qd8 11. Nxf6+ Qxf6 12. O-O-O Rc8 13. Bg5 Qg6 14. Rxd7
Bxc2 15. Bb5 Be7 16. Rc7+ 1-0

[Event "10th American Continental"]
[Site "Montevideo URU"]
[Date "2015.05.18"]
[Round "5.42"]
[White "Pereira, Henry Alberto"]
[Black "Carvalho, Herbert Abreu"]
[Result "0-1"]
[WhiteElo "1955"]
[BlackElo "2157"]
[WhiteFideId "4433270"]
[BlackFideId "2100541"]
[EventDate "2015.05.15"]
[EventType "swiss"]

1. b3 c5 2. Bb2 d5 3. e3 Nf6 4. f4 g6 5. Nf3 Bg7 6. Bb5+ Nbd7 7. O-O O-O 8. a4
Qc7 9. Ne5 a6 10. Be2 Ne8 11. d4 Ndf6 12. Nd2 Nd6 13. Bf3 Nfe4 14. Bxe4 dxe4 15.
g4 b6 16. dxc5 Qxc5 17. Bd4 Qc7 18. h3 Bb7 19. Qb1 b5 20. g5 Nf5 21. c3 b4 22.
Rc1 bxc3 23. Rxc3 Qd8 24. Rc4 Bd5 25. Rc5 Nxd4 26. exd4 e3 27. Ndc4 Bxc4 28.
Rxc4 Qd5 29. Qd3 Bxe5 30. fxe5 Qf3 31. Qf1 Qe4 32. Re1 Rac8 33. Qe2 Rxc4 34.
Qxc4 Rd8 35. Qe2 Qxd4 36. Qxe3 e6 37. Qxd4 Rxd4 38. Kf2 Kf8 39. Re3 Ke7 40. Rc3
Kd7 41. Rf3 Ke7 42. Ke3 Rd1 43. b4 Rb1 44. Rf4 Rb3+ 45. Kd2 Rxh3 46. Rc4 Kd7 47.
Rc5 Rb3 48. Rc4 Rg3 49. Rc5 Rxg5 50. Ra5 h5 51. Rxa6 Rxe5 52. Ra7+ Kc6 53. b5+
Kb6 54. Ra6+ Kb7 55. Kd3 h4 56. Kc4 h3 57. Rd6 Rd5 0-1

[Event "10th American Continental"]
[Site "Montevideo URU"]
[Date "2015.05.18"]
[Round "5.43"]
[White "Markzon, Gregory"]
[Black "Borgeaud Fuentes, Oscar"]
[Result "1-0"]
[WhiteTitle "FM"]
[WhiteElo "2156"]
[BlackElo "2003"]
[WhiteFideId "2003694"]
[BlackFideId "3409325"]
[EventDate "2015.05.15"]
[EventType "swiss"]

1. d4 d5 2. c4 c6 3. Nc3 dxc4 4. Nf3 Nf6 5. e4 b5 6. Qc2 e6 7. Be2 Be7 8. O-O
O-O 9. Bg5 Nbd7 10. Rad1 Bb7 11. Rfe1 a6 12. Bf1 h6 13. Bh4 Re8 14. e5 Nd5 15.
Bxe7 Qxe7 16. Ne4 c5 17. Nd6 Bc6 18. Nxe8 Rxe8 19. a3 Ba8 20. Qd2 cxd4 21. Qxd4
Nf8 22. Nd2 Ng6 23. g3 Qg5 24. Nf3 Qh5 25. g4 Nh4 26. Bg2 Nxf3+ 27. Bxf3 Qg5 28.
Bxd5 Bxd5 29. Re3 h5 30. Rg3 h4 31. Re3 Rf8 32. h3 f6 33. f4 Qh6 34. exf6 Rxf6
35. Rf1 Rf8 36. Re5 Qf6 37. Qe3 Qd8 38. f5 exf5 39. Rd1 f4 40. Qf2 Qf6 41. Rexd5
Re8 42. Rf5 1-0

[Event "10th American Continental"]
[Site "Montevideo URU"]
[Date "2015.05.18"]
[Round "5.44"]
[White "Casas, Nicolas"]
[Black "Guerrero, Alvaro"]
[Result "0-1"]
[WhiteElo "1834"]
[BlackElo "2156"]
[WhiteFideId "3002055"]
[BlackFideId "3000478"]
[EventDate "2015.05.15"]
[EventType "swiss"]

1. d4 Nf6 2. Nf3 g6 3. Bf4 Bg7 4. e3 O-O 5. Be2 d6 6. h3 c5 7. c3 Nbd7 8. O-O b6
9. Nbd2 Bb7 10. Qb3 Rc8 11. Rac1 h6 12. Rfd1 Qc7 13. Bd3 Kh7 14. Nh4 e5 15. dxe5
dxe5 16. Bh2 Qd8 17. Qc2 Qe8 18. Nc4 Rc6 19. e4 Qe7 20. Nf3 Ne8 21. Ne3 Rc7 22.
Nd5 Bxd5 23. exd5 Nd6 24. Nd2 c4 25. Bf1 f5 26. f3 Qf7 27. b3 b5 28. bxc4 bxc4
29. Qa4 Nb6 30. Qb4 Rd8 31. Qa5 Qxd5 32. Nxc4 Qxa5 33. Nxa5 Nf7 34. Rxd8 Nxd8
35. Bg3 Ne6 36. Bf2 Bf8 37. c4 Ba3 38. Rc2 Bc5 39. Nb3 Bxf2+ 40. Kxf2 Nd7 41. g3
Kg7 42. h4 Kf6 43. Rd2 Ndc5 44. Rd5 Rc6 45. Nxc5 Nxc5 46. Rd8 Ra6 47. Rd2 Ra3
48. Rd6+ Ne6 49. c5 Rxa2+ 50. Ke3 Ra3+ 51. Kd2 Ke7 52. Bc4 Nxc5 53. Rxg6 Rxf3
54. Rxh6 a5 55. Rg6 Rxg3 56. Rc6 Ne4+ 57. Ke1 Re3+ 58. Kf1 Nd2+ 59. Kf2 f4 0-1

[Event "10th American Continental"]
[Site "Montevideo URU"]
[Date "2015.05.18"]
[Round "5.46"]
[White "Lopez Falcon, Jorge"]
[Black "Muzzi, Eduardo"]
[Result "1/2-1/2"]
[BlackTitle "CM"]
[WhiteElo "2138"]
[BlackElo "1987"]
[WhiteFideId "3000850"]
[BlackFideId "3001253"]
[EventDate "2015.05.15"]
[EventType "swiss"]

1. d4 e6 2. Nf3 f5 3. g3 Nf6 4. Bg2 Be7 5. c4 d6 6. Nc3 O-O 7. O-O Ne4 8. Qc2 d5
9. Ne5 c6 10. Nxe4 fxe4 11. f3 exf3 12. exf3 Nd7 13. Nxd7 Bxd7 14. Bf4 Bf6 15.
Rad1 Qa5 16. Bd6 Rf7 17. b3 dxc4 18. bxc4 c5 19. Bxc5 Ba4 20. Qd2 Qd8 21. Rc1 b6 1/2-1/2

[Event "10th American Continental"]
[Site "Montevideo URU"]
[Date "2015.05.18"]
[Round "5.47"]
[White "Sosa Macho, Juan Manuel"]
[Black "Cimer, Emmanuel"]
[Result "0-1"]
[WhiteElo "2137"]
[BlackElo "1982"]
[WhiteFideId "3000354"]
[BlackFideId "137073"]
[EventDate "2015.05.15"]
[EventType "swiss"]

1. d4 Nf6 2. c4 g6 3. Nc3 Bg7 4. g3 O-O 5. Bg2 d6 6. Nf3 Nbd7 7. O-O e5 8. d5 a5
9. e4 Nc5 10. Ne1 Nfd7 11. f4 f5 12. Kh1 exf4 13. gxf4 fxe4 14. Nxe4 Qe7 15. Ng5
h6 16. Ngf3 Nb6 17. Nd2 Bf5 18. a4 Qd7 19. Nb3 Nxc4 20. Nxc5 dxc5 21. Qe2 Nd6
22. Nf3 Ne4 23. Qc4 Qd6 24. Ne5 Nf6 25. Be3 b6 26. Rad1 Ng4 27. Nxg4 Bxg4 28.
Rd2 Rae8 29. Bg1 Rf7 30. b3 Rfe7 31. Bf3 Bf5 32. Bf2 Kh7 33. Bg2 Bg4 34. Rg1 Be2
35. Qc2 Qxf4 36. Bg3 Qf5 37. Qxf5 gxf5 38. d6 cxd6 39. Rxd6 b5 40. axb5 Bxb5 41.
Rd5 Bd4 42. Rd1 f4 43. Bh4 Re2 44. Rf5 Be3 45. h3 Rb2 46. Bd5 Rc8 47. Rf6 Rd2
48. Be4+ Kg7 49. Ra1 a4 50. bxa4 Bd3 51. Bd5 c4 52. Rf7+ Kg6 53. Rf6+ Kh5 54.
Be1 c3 55. h4 Bf2 56. Bxf2 Rxf2 57. Rg1 Rc7 58. Rc1 c2 59. Bf7+ Kg4 60. Be6+ Kf3
61. Bd5+ Ke3 62. Re6+ Kd2 63. Ree1 Rg7 64. a5 Re2 65. Rf1 Re3 66. Rxc2+ Kxc2 67.
Rf2+ Kc3 0-1

[Event "10th American Continental"]
[Site "Montevideo URU"]
[Date "2015.05.18"]
[Round "5.48"]
[White "Chemin, Justo Reinaldo"]
[Black "Monteiro, Artur Fernando"]
[Result "0-1"]
[WhiteTitle "FM"]
[WhiteElo "2135"]
[BlackElo "1972"]
[WhiteFideId "2101580"]
[BlackFideId "2108380"]
[EventDate "2015.05.15"]
[EventType "swiss"]

1. d4 Nf6 2. c4 e5 3. dxe5 Ng4 4. Nf3 Bc5 5. e3 Nc6 6. Nc3 O-O 7. Be2 Ngxe5 8.
O-O Nxf3+ 9. Bxf3 Ne5 10. Na4 Nxf3+ 11. Qxf3 Be7 12. b3 f5 13. Nc3 Bf6 14. Bd2
c6 15. Rad1 d6 16. Ne2 Be5 17. Bc3 Qf6 18. Rd3 Be6 19. Rxd6 Bxc3 20. Nxc3 Qxc3
21. Rxe6 Rf7 22. Qd1 Qb2 23. a4 Raf8 24. Rd6 f4 25. exf4 Rxf4 26. Rd2 Qc3 27.
Qc2 Qxc2 28. Rxc2 Rd8 29. h3 c5 30. Re1 Kf7 31. Re3 Rd7 32. g3 Rfd4 33. Kg2 Rd3
34. Rc3 Rxc3 35. Rxc3 Rd1 36. Re3 Rb1 37. h4 b6 38. Kf3 Rb2 39. g4 Kf6 40. Kg3
h6 41. h5 Kf7 42. f3 Kf6 43. Kf4 Rb1 44. Rd3 Rb2 45. Ke4 Ke6 46. Kf4 Kf6 47. Re3
Rb1 48. Kg3 Rb2 49. Rd3 Ke6 50. f4 Kf6 51. Kf3 Rb1 52. Re3 Rd1 53. f5 Rd4 54.
Re6+ Kf7 55. a5 bxa5 56. Ra6 Rd3+ 57. Ke4 Rxb3 58. Rxa7+ Kf6 59. Ra6+ Kf7 60.
Rxa5 Rb1 61. Rxc5 Rg1 62. Rc7+ Kf8 63. c5 Rxg4+ 64. Ke5 Rh4 65. c6 Rh1 66. Ra7
Re1+ 67. Kd6 Rd1+ 68. Ke6 Re1+ 69. Kd7 Re7+ 70. Kd6 Rxa7 71. c7 Rxc7 72. Kxc7
Ke7 0-1